Africa: Geography and more by Letter T - Statistics

General Stats
  • This quiz has been taken 195 times
  • The average score is 8 of 14
Answer Stats
Hint Answer % Correct
In which Country you will find the Serengeti-Nationalpark Tanzania
99%
The Capital of the above Country is easy to remember Tunis
96%
Arab Spring Country Tunisia
95%
Little Country in West Africa Togo
94%
Landmark of Capetown, Mountain Table Mountain
68%
South African Archbishop, Nobel Peace Prize winner 1984 Desmond Tutu
60%
Island in the Atlantic, geographically belonging to Africa, politically to Spain Tenerife
56%
Sixth-biggest Lake of the World Lake Tanganyika
53%
Another Capital starting with "T" Tripoli
53%
Seaport in Morocco, "Gate to Africa" Tangier
47%
Oasis Town in Southern Sahara Timbuktu
31%
Insect, which is eaten in Angola, Kenia, Uganda, Kongo because of high ratio of unsaturated fatty acid Termites
21%
Biggest Inland Water of Kenya, the Worlds biggest Desert-Lake Lake Turkana
20%
Biggest Lake of Ethiopia, highest Lake of Africa (Height: 1.830 Meter) Lake Tana
16%
No matching quizzes found
Score Distribution
Percent of People with Each Score
Percentile by Number Answered
Your Score History
You have not taken this quiz